Jaká negativa může přinášet participace

Súvislosti možných negatívnych dopadov participácie pre pomáhajúce profesie, ako aj manažérov a vedúcich sociálnych služieb, ktorí chcú pracovať participatívne. Predchádzanie negatívnych vplyvov pri uplatňovaní participácie.

Enregistré dans:
Détails bibliographiques
Auteur principal: Geregová, Markéta
Format: Chapitre de livre
Langue:tchèque
Sujets:
Tags: Ajouter un tag
Pas de tags, Soyez le premier à ajouter un tag!

MARC

LEADER 00000naa a2200000 4500
001 0283339
005 20240417075202.8
041 0 |a cze 
044 |a CZ 
245 1 0 |a Jaká negativa může přinášet participace  |c Markéta Geregová 
520 |a Súvislosti možných negatívnych dopadov participácie pre pomáhajúce profesie, ako aj manažérov a vedúcich sociálnych služieb, ktorí chcú pracovať participatívne. Predchádzanie negatívnych vplyvov pri uplatňovaní participácie. 
610 2 0 |a práca sociálna 
610 2 0 |a pracovníci sociálni 
610 2 0 |a zručnosti mäkké 
610 2 0 |a rozhodovanie individuálne 
610 2 0 |a plánovanie cieľové 
610 2 0 |a skupiny cieľové 
100 1 |a Geregová, Markéta